000 01335nam0a2200373 4500
001 RU\NLR\bibl\1654580
005 20260406122940.0
010 _a978-5-17-065918-0
_bАСТ
010 _a978-5-403-03393-0
010 _a978-5-4215-0554-9
_bПолиграфиздат
010 _a978-5-17-065917-3
_bАСТ
010 _a978-5-403-03394-7
_bАСТ МОСКВА
010 _a978-5-4215-0553-2
_bПолиграфиздат
010 _a978-5-17-061-95
_bАСТ
010 _a978-5-403-02077-0
_bАСТ МОСКВА
010 _a978-5-4215-0051-3
_bПолиграфиздат
_96000
021 _aRU
_b2010-43340
_92908
021 _aRU
_b2010-43185
_92896
035 _a(NLR Aleph) 001645894
090 _a891150
_c891150
100 _a20100712d2010 |||y0rusy50 ca
101 1 _arus
_ceng
102 _aRU
105 _ay |||||||||
200 1 _aПо велению короля
_eроман
_fБертрис Смолл
_g[пер. с англ. Т.А. Перцевой]
210 _aМосква
_cАСТ [и др.]
_d2010
215 _a412, [1] с.
_d17
225 1 _aМини ШАРМ
700 1 _4070
_7ca
_8rus
_aСмолл
_bБ.
_f1937-2015
_gБертрис
_3RU\NLR\AUTH\77816
_9110856
801 0 _aRU
_bNLR
_c20100712
_gRCR
801 1 _aRU
_bNLR
_c20100712
942 _cBOOK
980 _aNB